| 000 | 00000nas 2200000za 4500 |
| 001 | 9.846529 |
| 003 | CaOODSP |
| 005 | 20221107153226 |
| 007 | cr ||||||||||| |
| 008 | 171102d19671968oncar p oss f0###b0fre|d |
| 040 | |aCaOODSP|bfre |
| 043 | |an-cn--- |
| 086 | 1 |aCS68-211F-PDF |
| 245 | 00|aFinances de l'administration publiques fédérale, revenus et dépenses, dette directe et indirecte |h[ressource électronique]. |
| 260 | |aOttawa : |bBureau fédéral de la statistique, Division des administrations publiques, Section de l'administration publiques fédérales, |c1970-1972. |
| 310 | |aAnnuel |
| 362 | 0 |a1967-1968. |
| 500 | |aÉdition numérisée de l’imprimé [par Statistique Canada]. |
| 500 | |aErrata inséré dans le livr. de 1968. |
| 500 | |aPubl. aussi en anglais sous le titre: Federal government finance, revenue and expenditure, direct and indirect debt. |
| 515 | |aL'année d'activité se termine le 31 mars. |
| 546 | |aTexte en anglais et en français. |
| 692 | 07|2gccst|aFinances publiques |
| 710 | 1 |aCanada. |bBureau fédéral de la statistique.|bSection de l'administration publique fédérale. |
| 775 | 08|tFederal government finance, revenue and expenditure, direct and indirect debt |w(CaOODSP)9.846522 |
| 785 | 00|tFederal government finance, revenue and expenditure, assets and liabilities |w(CaOODSP)9.846528 |